00607nam a2200193 a 4500008004100000020001500041020001500056050001900071110002000090245005300110260002800163300003400191350000900225500006900234650004900303650000900352650002200361650003000383120416s2004 ||||||||||||||||| || u a0754640043 a0754640043 aHB 1491.A3 Ind aINDEPTH Network10aIndepth model life tables for Sub-Saharan Africa aEngland:bAshgatec2004 axii, 36 pages : illustrations a0.00 aChiefly tables. -Includes bibliographical references (p. 35-36). aAFRICA, SUB-SAHARAN--SOCIAL LIFE AND CUSTOMS aLIFE aMORTALITY--TABLES aMORTALITY--AFRICA--TABLES